Las Flores del Mal

Sparad:
Bibliografiska uppgifter
Huvudupphovsman: Baudelaire, Charles
Materialtyp: Bok
Språk:Undetermined
Publicerad: Bogotá, Colombia Editorial La Montaña Mágica 1987
Ämnen:
Taggar: Lägg till en tagg
Inga taggar, Lägg till första taggen!

MARC

LEADER 00000nam a2200000Ia 4500
008 170316s9999 xx 000 0 und d
040 |a cru BVZT 
090 |a 840 B-3f 
100 |a Baudelaire, Charles 
245 |a Las Flores del Mal 
260 |a Bogotá, Colombia 
260 |b Editorial La Montaña Mágica 
260 |c 1987 
300 |a 203 páginas 
650 |a LITERATURA FRANCESA 
650 |a POESÍA 
999 |c 7531  |d 7531 
942 |c 15 D  |h 840 B-3f  |2 z